The Doors Albums - Sudden Death - Statistics

General Stats
  • This quiz has been taken 300 times
  • The average score is 8 of 9
Answers on the Grid
Answers color-coded by a green-red scale on the quiz's grid according to % correct below.
An American Prayer
The Doors
American Idiot
The Soft Parade
Master of Puppets
Are You Experienced?
Morrison Hotel
The White Album
L.A. Woman
Full Circle
Other Voices
Fragile
Dark Side of the Moon
Strange Days
Waiting for the Sun
Let it Be
 
Answer Stats
Answer % Correct
The Doors
98%
L.A. Woman
95%
Morrison Hotel
94%
Strange Days
94%
Waiting for the Sun
90%
The Soft Parade
87%
An American Prayer
83%
Other Voices
79%
Full Circle
74%
No matching quizzes found
Score Distribution
Percent of People with Each Score
Percentile by Number Answered
Your Score History
You have not taken this quiz